000 00541nam a2200169 i 4500
001 71978
003 ES-MaACL
005 20230906171307.0
007 t|
008 040823s1952 sp ||||1| spa d
100 1 _aGil Azpeitia, Alfonso.
_956768
245 1 0 _aNota sobre el teorema del incremento finito /
_cA.G. Azpeitia.
260 _aMadrid :
_b[s.n.,
_c1952] (
_fNuevas Gráficas)
300 _a4 p. ;
_c24 cm.
500 _aEs separata de: Revista Gaceta Matemática, 1ª serie, t. IV, Nº 1.
852 _aES-MaACL
_j1962-F-7
_bR.35113
999 _c71978
_d71978